| 000 | 01313nam a2200337 i 4500 | ||
|---|---|---|---|
| 001 | bg | ||
| 003 | BPK | ||
| 005 | 20220609091013.0 | ||
| 008 | 000100s1999 pl a f f |001 0 pol | ||
| 015 | _aPB 2000/1032 | ||
| 020 | _a8320423120 | ||
| 040 |
_aWA N _cBPK |
||
| 041 | 0 | _apol | |
| 080 | _a621.31 | ||
| 080 | _a(075.8) | ||
| 100 | 1 |
_aFlisowski, Zdobysław _d(1931- ) _eAutor |
|
| 245 | 1 | 0 |
_aTechnika wysokich napięć / _cZdobysław Flisowski ; komitet red. Elżbieta Beuermann [et al.]. |
| 250 | _aWyd. 4 częśc. zm. | ||
| 260 |
_aWarszawa : _bWydawnictwa Naukowo-Techniczne, _c1999. |
||
| 300 |
_a345, [1] s. : _bil. ; _c24 cm. |
||
| 490 | 1 | _aPodręczniki Akademickie. Elektrotechnika. | |
| 504 | _aBibliogr. - Indeks. | ||
| 521 | 8 | _aDla studentów wydziałów elektrycznych wyższych szkół technicznych oraz słuchaczy studiów podyplomowych, inżynierów i techników elektryków. | |
| 655 | 4 | _aPodręczniki akademickie | |
| 650 | 4 | _aTechnika wysokich napięć | |
| 700 | 1 |
_aBeuermann, Elżbieta. _eRed. |
|
| 710 | 2 |
_aWydawnictwa Naukowo-Techniczne _4pbl. |
|
| 830 | 0 |
_aPodręczniki Akademickie. _pElektrotechnika |
|
| 942 |
_2UKD _cKS |
||
| 856 |
_uhttp://koha.tu.koszalin.pl/cgi-bin/koha/opac-detail.pl?biblionumber=36590 _yKatalog online BPK |
||
| 999 |
_c36590 _d36590 |
||